| 000 | 00477nam a2200145Ia 4500 | ||
|---|---|---|---|
| 005 | 20260430133740.0 | ||
| 008 | 260429s9999||||xx |||||||||||||| ||und|| | ||
| 020 | _a9788182860698 | ||
| 082 |
_a954 _bHAV |
||
| 100 | _aHavell, Ernest Binfield | ||
| 245 | 4 |
_aThe history of aryan rule in India : _bfrom the earliest times to the death of akbar / _cErnest Binfield Havell |
|
| 260 |
_aChennai : _bT.R. Publications Pvt. Ltd., _c2024. |
||
| 300 | _axxxi, 583 p.; pbk | ||
| 942 | _cCU | ||
| 999 |
_c53816 _d53816 |
||